Zgadnij kraj po 3 emotkach - Statystyki

Ogólne statystyki
  • Ten quiz został rozwiązany 91 razy
  • Średni wynik to 9 z 10
Statystyki odpowiedzi
Emotki Kraj % Poprawnych
7. 🍔🦅🗽 USA
99%
1.🗼🍣⛩️ Japonia
97%
5. ❄️🍁🏔 Kanada
97%
3. 🍕🏛🍝 Włochy
95%
6. 🌮🌵🎺 Meksyk
94%
4. 🦘🌍🏝 Australia
92%
2. 🌴⚽️✨️ Brazylia
89%
10. 🐘🕌🌶 Indie
78%
8. 🌯🕌☕️ Turcja
73%
9. 🏐🌲🎚 Polska
61%
Nie znaleziono quizów pasujących do podanych kryteriów
Rozkład punktacji
Procent ludzi z każdym wynikiem
Percentyl według liczby udzielonych odpowiedzi
Twoja historia wyników
Nie rozwiązałeś tego quizu